The hollow; (Record no. 174325)

000 -LEADER
fixed length control field 01157cam a22003371 4500
001 - CONTROL NUMBER
control field 6001771
003 - CONTROL NUMBER IDENTIFIER
control field Nust
005 - DATE AND TIME OF LATEST TRANSACTION
control field 20180724044616.0
008 - FIXED-LENGTH DATA ELEMENTS--GENERAL INFORMATION
fixed length control field 751219s1946 nyu 000 1 eng
010 ## - LIBRARY OF CONGRESS CONTROL NUMBER
LC control number 46007098
020 ## - INTERNATIONAL STANDARD BOOK NUMBER
International Standard Book Number 9780007282555
Terms of availability Rs. 260
035 ## - SYSTEM CONTROL NUMBER
System control number (OCoLC)1897665
038 ## - RECORD CONTENT LICENSOR
Staff Name Arshad
040 ## - CATALOGING SOURCE
Original cataloging agency DLC
Transcribing agency FU
Modifying agency OCoLC
-- DLC
050 00 - LIBRARY OF CONGRESS CALL NUMBER
Classification number PZ3.C4637
Item number Ho
Classification number PR6005.H66
082 00 - DEWEY DECIMAL CLASSIFICATION NUMBER
Classification number 823.912
Author Mark CHR
100 1# - MAIN ENTRY--PERSONAL NAME
Personal name Christie, Agatha,
Dates associated with a name 1890-1976.
9 (RLIN) 2976
245 14 - TITLE STATEMENT
Title The hollow;
Remainder of title a Hercule Poirot mystery.
260 ## - PUBLICATION, DISTRIBUTION, ETC.
Place of publication, distribution, etc. New York,
Name of publisher, distributor, etc. Dodd, Mead & company,
Date of publication, distribution, etc. 1946.
300 ## - PHYSICAL DESCRIPTION
Extent 384 p.
Dimensions 21 cm.
500 ## - GENERAL NOTE
General note At head of title: Agatha Christie.
500 ## - GENERAL NOTE
General note "Red badge detective."
500 ## - GENERAL NOTE
General note "Shorter version ... was published serially in Colier's under the title of the Outraged heart."
600 10 - SUBJECT ADDED ENTRY--PERSONAL NAME
Personal name Poirot, Hercule
Titles and other words associated with a name (Fictitious character)
Form subdivision Fiction.
9 (RLIN) 11837
650 #0 - SUBJECT ADDED ENTRY--TOPICAL TERM
Topical term or geographic name entry element Private investigators
Geographic subdivision England
-- London
Form subdivision Fiction.
9 (RLIN) 11952
651 #0 - SUBJECT ADDED ENTRY--GEOGRAPHIC NAME
Geographic name London (England)
Form subdivision Fiction.
9 (RLIN) 7300
655 #7 - INDEX TERM--GENRE/FORM
Genre/form data or focus term Detective and mystery stories.
Source of term gsafd
9 (RLIN) 2977
906 ## - LOCAL DATA ELEMENT F, LDF (RLIN)
a 7
b cbc
c oclcrpl
d u
e ncip
f 19
g y-gencatlg
942 ## - ADDED ENTRY ELEMENTS (KOHA)
Source of classification or shelving scheme
Koha item type Book
Holdings
Withdrawn status Lost status Source of classification or shelving scheme Damaged status Not for loan Collection code Permanent Location Current Location Shelving location Date acquired Total Checkouts Total Renewals Full call number Barcode Date last seen Date last checked out Copy number Price effective from Koha item type
            Central Library (CL) Central Library (CL) Fiction 01/24/2017 3 3 823.912 CHR CL1050 02/17/2024 01/12/2024 1 01/24/2017 Book
© 2023 Central Library, National University of Sciences and Technology. All Rights Reserved.